[Event "0MCR_3DE_2L_1S"]
[Site "?"]
[Date "2003.??.??"]
[Round "?"]
[White "Hurka, Jiri"]
[Black "Nemecek, Pavel"]
[Result "1/2-1/2"]
[WhiteElo "1800"]
[BlackElo "2035"]
[PlyCount "88"]
[EventDate "2003.??.??"]
[EventType "corr"]
[EventRounds "2"]
[SourceDate "2004.06.03"]

1. e4 c5 2. Nf3 g6 3. d4 cxd4 4. Qxd4 Nf6 5. Nc3 Nc6 6. Qa4 d6 7. Bc4 Bg7 8. e5
dxe5 9. Nxe5 O-O 10. Nxc6 bxc6 11. Qxc6 Bf5 12. Bb3 Rc8 13. Qf3 Bg4 14. Qd3
Qxd3 15. cxd3 Rfd8 16. Be3 Rxd3 17. Bxa7 Ra8 18. Be3 Nd5 19. Bxd5 Bxc3+ 20.
bxc3 Rxd5 21. f3 Be6 22. Kf2 Rda5 23. Rhb1 Rxa2+ 24. Rxa2 Rxa2+ 25. Kg3 Bc4 26.
Rb7 Bf1 27. Kf4 Rxg2 28. Rxe7 Rxh2 29. Re8+ Kg7 30. Bd4+ Kh6 31. Bf6 Bc4 32.
Kg3 Rh1 33. Re4 Bd5 34. Rf4 Rh5 35. Rd4 Be6 36. c4 g5 37. Kg2 Kg6 38. Be7 Rh4
39. Rxh4 gxh4 40. c5 h3+ 41. Kg3 Bd7 42. Bd6 Kg5 43. f4+ Kg6 44. c6 Bxc6
1/2-1/2

[Event "0MCR_3DE_2L_1S"]
[Site "?"]
[Date "2003.??.??"]
[Round "?"]
[White "Hurka, Jiri"]
[Black "Pauschek, Roman"]
[Result "1/2-1/2"]
[WhiteElo "1800"]
[BlackElo "2080"]
[PlyCount "57"]
[EventDate "2003.??.??"]
[EventType "corr"]
[EventRounds "2"]
[SourceDate "2004.06.03"]

1. e4 e5 2. Nf3 Nc6 3. Bc4 Bc5 4. c3 Nf6 5. d4 exd4 6. cxd4 Bb4+ 7. Nc3 Nxe4 8.
O-O Bxc3 9. d5 Bf6 10. Re1 Ne7 11. Rxe4 d6 12. Bg5 Bxg5 13. Nxg5 O-O 14. Nxh7
Kxh7 15. Qh5+ Kg8 16. Rh4 f5 17. Qh7+ Kf7 18. Rh6 Rg8 19. Re1 Qf8 20. Bb5 a6
21. Ree6 axb5 22. Rhf6+ Ke8 23. Qg6+ Kd8 24. Rxf8+ Rxf8 25. Qxg7 Re8 26. Re1
Rxa2 27. h4 Ra4 28. f3 Rxh4 29. Rxe7 1/2-1/2

[Event "0MCR_3DE_2L_1S"]
[Site "?"]
[Date "2003.??.??"]
[Round "?"]
[White "Hurka, Jiri"]
[Black "Tomisek, Petr"]
[Result "0-1"]
[WhiteElo "1800"]
[BlackElo "2165"]
[PlyCount "100"]
[EventDate "2003.??.??"]
[EventType "corr"]
[EventRounds "2"]
[SourceDate "2004.06.03"]

1. e4 e5 2. Nf3 Nc6 3. Bc4 Nf6 4. Ng5 d5 5. exd5 Na5 6. Bb5+ Bd7 7. Qe2 Be7 8.
Nc3 O-O 9. O-O c6 10. dxc6 Nxc6 11. Bxc6 Bxc6 12. Nf3 Bd6 13. Nxe5 Re8 14. d4
Nd7 15. f4 Qb6 16. Qf2 Nf6 17. Rd1 Rad8 18. Nc4 Qc7 19. Nxd6 Rxd6 20. h3 b5 21.
a3 Ne4 22. Nxe4 Bxe4 23. f5 Qxc2 24. Bf4 Rc6 25. Rac1 Qa4 26. b3 Qxb3 27. Qg3
Qxg3 28. Bxg3 Rc4 29. f6 Bd5 30. fxg7 Re2 31. Bf2 Kxg7 32. Re1 Ra2 33. Ra1 Rxa1
34. Rxa1 Ra4 35. Be1 a5 36. Bc3 Kf6 37. Kf2 b4 38. Bb2 Kf5 39. Re1 bxa3 40.
Re5+ Kg6 41. Ba1 Ba2 42. Ke3 Rc4 43. Rc5 a4 44. Ke4 Rb4 45. Bc3 Rb1 46. d5 Bb3
47. Rc6+ Kh5 48. d6 Rd1 49. Kf4 Be6 50. Ra6 Bd7 0-1

[Event "0MCR_3DE_2L_1S"]
[Site "?"]
[Date "2003.??.??"]
[Round "?"]
[White "Misicko, Jan"]
[Black "Baciak, Miloslav"]
[Result "1/2-1/2"]
[WhiteElo "2055"]
[BlackElo "1930"]
[PlyCount "108"]
[EventDate "2003.??.??"]
[EventType "corr"]
[EventRounds "2"]
[SourceDate "2004.06.03"]

1. c4 Nf6 2. Nc3 e5 3. g3 Bb4 4. Bg2 O-O 5. d3 d6 6. e4 Bg4 7. Nge2 Bxe2 8.
Qxe2 Nc6 9. O-O Nd4 10. Qd1 Bc5 11. h3 c6 12. Rb1 a5 13. Kh2 b6 14. a3 b5 15.
cxb5 cxb5 16. Bg5 h6 17. Bxf6 Qxf6 18. Nd5 Qd8 19. b4 Bb6 20. f4 f6 21. Rc1
axb4 22. axb4 Qb8 23. Qg4 Kh8 24. Rc3 Ra2 25. Rfc1 Ra8 26. Kh1 Rg8 27. Ne7 Rd8
28. h4 Qa7 29. Nd5 Rg8 30. Rc8 Bd8 31. Rxa8 Qxa8 32. Qd1 Qb7 33. Ra1 Rf8 34.
Kh2 Qf7 35. Ra6 g5 36. hxg5 hxg5 37. Qg4 f5 38. exf5 gxf4 39. gxf4 Nxf5 40. Be4
exf4 41. Nxf4 Nh6 42. Ng6+ Kg7 43. Qg2 Qf2 44. Qxf2 Rxf2+ 45. Kg3 Rf1 46. Nf4
Bh4+ 47. Kxh4 Rxf4+ 48. Kg5 Rf6 49. Ra7+ Nf7+ 50. Kg4 Rf1 51. Rb7 Kf6 52. Rxb5
Ne5+ 53. Kg3 Rd1 54. Rd5 Nc6 1/2-1/2

[Event "0MCR_3DE_2L_1S"]
[Site "?"]
[Date "2003.??.??"]
[Round "?"]
[White "Misicko, Jan"]
[Black "Doudera, Lubomir"]
[Result "1-0"]
[WhiteElo "2055"]
[BlackElo "2235"]
[PlyCount "51"]
[EventDate "2003.??.??"]
[EventType "corr"]
[EventRounds "2"]
[SourceDate "2004.06.03"]

1. e4 d5 2. exd5 Qxd5 3. Nc3 Qa5 4. d4 Nf6 5. Nf3 Bg4 6. h3 Bh5 7. Bd2 e6 8.
Bc4 c6 9. Qe2 Qb6 10. g4 Bg6 11. O-O-O Be7 12. Ne5 Nfd7 13. f4 Qc7 14. Nxg6
hxg6 15. f5 gxf5 16. gxf5 exf5 17. Rde1 Nf6 18. Bg5 Ng8 19. Qf3 Qd7 20. Re3 Kd8
21. Bxe7+ Nxe7 22. Bxf7 Rf8 23. Be6 Qd6 24. d5 Kc7 25. Rd1 g5 26. Ne4 1-0

[Event "0MCR_3DE_2L_1S"]
[Site "?"]
[Date "2003.??.??"]
[Round "?"]
[White "Misicko, Jan"]
[Black "Glembek, Bohumir"]
[Result "1-0"]
[WhiteElo "2055"]
[BlackElo "2115"]
[PlyCount "115"]
[EventDate "2003.??.??"]
[EventType "corr"]
[EventRounds "2"]
[SourceDate "2004.06.03"]

1. c4 Nf6 2. Nc3 g6 3. g3 Bg7 4. Bg2 O-O 5. e4 e5 6. Nge2 Nc6 7. O-O d6 8. h3
Ne8 9. d3 f5 10. Nd5 fxe4 11. dxe4 Be6 12. Be3 Qd7 13. Kh2 b6 14. b4 Nd8 15. b5
Rc8 16. Bg5 Nf7 17. Ne7+ Kh8 18. Nxc8 Nxg5 19. Nxa7 Nxh3 20. f3 Ng5 21. Qd3 Qf7
22. Rac1 Bd7 23. Nc3 Nf6 24. Nd5 Ra8 25. Nc6 Bxc6 26. bxc6 Ne6 27. Bh3 Nd4 28.
Rf2 Nxc6 29. Rcf1 Ra7 30. f4 Qg8 31. Nxf6 Bxf6 32. Bd7 Nb8 33. Bb5 exf4 34.
Rxf4 Bg7 35. Rf7 Rxa2+ 36. Kg1 Na6 37. Bxa6 Rxa6 38. Rxc7 Ra4 39. Qxd6 Rxc4 40.
Rxc4 Qxc4 41. Qd8+ Qg8 42. Qxb6 h5 43. Re1 Kh7 44. e5 Qc4 45. Qd6 Qc3 46. Kf2
Qc4 47. Qd7 Kg8 48. Kg2 Qc2+ 49. Kh3 Qf2 50. Qd5+ Kh7 51. Qe4 Bf8 52. Rc1 Be7
53. Qf4 Qa2 54. Qc4 Qd2 55. Qf7+ Kh6 56. Qf4+ Qxf4 57. gxf4 Kg7 58. Rc7 1-0

[Event "0MCR_3DE_2L_1S"]
[Site "?"]
[Date "2003.??.??"]
[Round "?"]
[White "Misicko, Jan"]
[Black "Hurka, Jiri"]
[Result "1-0"]
[WhiteElo "2055"]
[BlackElo "1800"]
[PlyCount "83"]
[EventDate "2003.??.??"]
[EventType "corr"]
[EventRounds "2"]
[SourceDate "2004.06.03"]

1. c4 e6 2. g3 d5 3. cxd5 exd5 4. Bg2 Nf6 5. d3 Be7 6. Nf3 O-O 7. O-O Nbd7 8.
Qc2 Nc5 9. b3 Re8 10. Bb2 c6 11. Nbd2 Bd6 12. Rfe1 Bf5 13. Rac1 Rc8 14. e4 Nxd3
15. Qxd3 dxe4 16. Bxf6 exd3 17. Bxd8 Rxe1+ 18. Rxe1 Rxd8 19. Nd4 Bg4 20. h3 Bb4
21. hxg4 Bxd2 22. Rd1 Ba5 23. Nf3 Kf8 24. Ne5 d2 25. Kf1 Bb4 26. Nc4 b5 27. Ne3
c5 28. Ke2 h6 29. Nf1 Re8+ 30. Kd3 Re1 31. Kc2 c4 32. Nxd2 cxb3+ 33. axb3 Re2
34. Bc6 Rxf2 35. Bxb5 Rg2 36. Bc6 Rxg3 37. Nc4 Rxg4 38. Rd8+ Ke7 39. Rd7+ Kf6
40. Rxa7 g5 41. Be8 Be7 42. Ne3 1-0

[Event "0MCR_3DE_2L_1S"]
[Site "?"]
[Date "2003.??.??"]
[Round "?"]
[White "Misicko, Jan"]
[Black "Nemecek, Pavel"]
[Result "1/2-1/2"]
[WhiteElo "2055"]
[BlackElo "2035"]
[PlyCount "94"]
[EventDate "2003.??.??"]
[EventType "corr"]
[EventRounds "2"]
[SourceDate "2004.06.03"]

1. e4 e5 2. Nf3 Nc6 3. Bb5 a6 4. Ba4 Nf6 5. O-O Be7 6. Re1 b5 7. Bb3 d6 8. a4
Bb7 9. c3 O-O 10. d3 b4 11. Nbd2 d5 12. Qc2 Rb8 13. Ba2 dxe4 14. dxe4 Qd7 15.
Nf1 bxc3 16. bxc3 h6 17. Ne3 Bc5 18. Rd1 Qe8 19. Nd5 Ng4 20. Rd2 Ne7 21. Re2
Qd8 22. h3 Nxd5 23. Bxd5 Bxd5 24. exd5 Nxf2 25. Be3 Bxe3 26. Rxe3 e4 27. Nd4
Nd3 28. Rxe4 Qxd5 29. Qxd3 c5 30. Rg4 cxd4 31. Qxd4 Qxd4+ 32. Rxd4 Rfc8 33. Rd6
Rxc3 34. Rxa6 Rb2 35. Ra8+ Kh7 36. Ra7 Rg3 37. Rxf7 Rgxg2+ 38. Kf1 Rh2 39. Kg1
Rbg2+ 40. Kf1 Rg3 41. a5 Rh1+ 42. Kf2 Rxa1 43. Kxg3 Rxa5 44. Rb7 Rf5 45. h4 Kg6
46. Kg4 Rd5 47. Rb6+ Kf7 1/2-1/2

[Event "0MCR_3DE_2L_1S"]
[Site "?"]
[Date "2003.??.??"]
[Round "?"]
[White "Misicko, Jan"]
[Black "Pauschek, Roman"]
[Result "1/2-1/2"]
[WhiteElo "2055"]
[BlackElo "2080"]
[PlyCount "45"]
[EventDate "2003.??.??"]
[EventType "corr"]
[EventRounds "2"]
[SourceDate "2004.06.03"]

1. e4 e5 2. Nc3 Nf6 3. f4 d5 4. fxe5 Nxe4 5. Qf3 Nc6 6. Bb5 Nxc3 7. bxc3 Qh4+
8. g3 Qe4+ 9. Qxe4 dxe4 10. Bxc6+ bxc6 11. Ne2 c5 12. c4 g6 13. Bb2 Bg7 14. Nf4
O-O 15. Nd5 Rb8 16. Rb1 Be6 17. Ke2 c6 18. Ne3 Rfe8 19. Ba3 Bxe5 20. Bxc5 h5
21. d4 exd3+ 22. cxd3 Bg7 23. a4 1/2-1/2

[Event "0MCR_3DE_2L_1S"]
[Site "?"]
[Date "2003.??.??"]
[Round "?"]
[White "Misicko, Jan"]
[Black "Tomisek, Petr"]
[Result "1-0"]
[WhiteElo "2055"]
[BlackElo "2165"]
[PlyCount "58"]
[EventDate "2003.??.??"]
[EventType "corr"]
[EventRounds "2"]
[SourceDate "2004.06.03"]

1. e4 e5 2. Nc3 Nf6 3. f4 d5 4. fxe5 Nxe4 5. Qf3 f5 6. d3 Nxc3 7. bxc3 d4 8.
Qg3 Nc6 9. Be2 Be6 10. Bf3 Qd7 11. Ne2 O-O-O 12. O-O Bc5 13. c4 Bxc4 14. Nf4
Nxe5 15. dxc4 d3+ 16. Kh1 dxc2 17. Bb2 Nxf3 18. Qxf3 Rhe8 19. Qb3 g5 20. Nd5
Re2 21. Rac1 Qe6 22. Rxc2 c6 23. Nc3 Re1 24. Rc1 Re8 25. Na4 Rxf1+ 26. Rxf1 Qe2
27. Qd1 Qxd1 28. Rxd1 Bf2 29. Bf6 Re2 1-0

[Event "0MCR_3DE_2L_1S"]
[Site "?"]
[Date "2003.??.??"]
[Round "?"]
[White "Nemecek, Pavel"]
[Black "Baciak, Miloslav"]
[Result "1/2-1/2"]
[WhiteElo "2035"]
[BlackElo "1930"]
[PlyCount "81"]
[EventDate "2003.??.??"]
[EventType "corr"]
[EventRounds "2"]
[SourceDate "2004.06.03"]

1. e4 c5 2. Nf3 d6 3. d4 cxd4 4. Nxd4 Nf6 5. Nc3 a6 6. Bc4 e6 7. O-O Be7 8. Bb3
b5 9. f4 O-O 10. Be3 b4 11. Na4 Bb7 12. e5 dxe5 13. Nxe6 fxe6 14. Bxe6+ Kh8 15.
fxe5 Nfd7 16. Rxf8+ Nxf8 17. Qxd8 Bxd8 18. Bb3 Bc6 19. Nc5 Nbd7 20. Nd3 Be7 21.
e6 Nf6 22. Re1 Re8 23. Bc5 a5 24. Re5 a4 25. Bc4 a3 26. bxa3 bxa3 27. Bb3 h6
28. Bxe7 Rxe7 29. Rc5 Bb7 30. Ra5 Kh7 31. Ra7 Ne4 32. Bd5 Bxd5 33. Rxe7 Bxa2
34. Ra7 Bxe6 35. Rxa3 Nd7 36. Nf4 Bg8 37. Kf1 g5 38. Nd3 Kg6 39. Ra5 Nd2+ 40.
Ke2 Nc4 41. Ra7 1/2-1/2

[Event "0MCR_3DE_2L_1S"]
[Site "?"]
[Date "2003.??.??"]
[Round "?"]
[White "Nemecek, Pavel"]
[Black "Doudera, Lubomir"]
[Result "1/2-1/2"]
[WhiteElo "2035"]
[BlackElo "2235"]
[PlyCount "101"]
[EventDate "2003.??.??"]
[EventType "corr"]
[EventRounds "2"]
[SourceDate "2004.06.03"]

1. d4 d5 2. Nf3 Nf6 3. c4 c6 4. e3 Bf5 5. Bd3 Bxd3 6. Qxd3 e6 7. Nc3 Nbd7 8.
O-O Bb4 9. Bd2 a5 10. a3 Be7 11. e4 dxe4 12. Nxe4 Nxe4 13. Qxe4 O-O 14. b4 Nf6
15. Qe2 axb4 16. axb4 Qd6 17. h3 Rfd8 18. Rfd1 Rdc8 19. Rdb1 Qd8 20. Ra5 Bd6
21. Bg5 h6 22. Bd2 Bc7 23. Rxa8 Rxa8 24. Bc3 Nh5 25. g3 Ra3 26. Qb2 Qa8 27. Ra1
Rxa1+ 28. Qxa1 Qxa1+ 29. Bxa1 Bd6 30. Bc3 Nf6 31. Ne5 Ne4 32. Be1 Bc7 33. c5
Kf8 34. f3 Nf6 35. Kf2 Nd5 36. Ke2 Ke7 37. Kd3 f6 38. Ng4 b5 39. h4 h5 40. Ne3
g5 41. g4 gxh4 42. Nxd5+ exd5 43. Bxh4 hxg4 44. fxg4 Bf4 45. Ke2 Kf7 46. Kd3
Kg6 47. Kc2 Be3 48. Kd3 Bg5 49. Bf2 Bf4 50. Bh4 Bh2 51. Kc3 1/2-1/2

[Event "0MCR_3DE_2L_1S"]
[Site "?"]
[Date "2003.??.??"]
[Round "?"]
[White "Nemecek, Pavel"]
[Black "Glembek, Bohumir"]
[Result "1/2-1/2"]
[WhiteElo "2035"]
[BlackElo "2115"]
[PlyCount "50"]
[EventDate "2003.??.??"]
[EventType "corr"]
[EventRounds "2"]
[SourceDate "2004.06.03"]

1. b3 Nc6 2. Bb2 e5 3. e3 d6 4. Bb5 Bd7 5. Ne2 a6 6. Bxc6 Bxc6 7. O-O Qg5 8. f3
Nf6 9. c4 d5 10. f4 exf4 11. Nxf4 Bd6 12. Bxf6 Qxf6 13. Nc3 dxc4 14. bxc4 O-O
15. d4 b5 16. Qd3 Rfe8 17. g3 Qg5 18. Rab1 Rad8 19. Rb2 b4 20. Ncd5 Bxd5 21.
Nxd5 a5 22. Rbf2 c6 23. Nf4 Bxf4 24. Rxf4 Re7 25. R1f3 c5 1/2-1/2

[Event "0MCR_3DE_2L_1S"]
[Site "?"]
[Date "2003.??.??"]
[Round "?"]
[White "Nemecek, Pavel"]
[Black "Hurka, Jiri"]
[Result "1-0"]
[WhiteElo "2035"]
[BlackElo "1800"]
[PlyCount "59"]
[EventDate "2003.??.??"]
[EventType "corr"]
[EventRounds "2"]
[SourceDate "2004.06.03"]

1. e4 e5 2. Nf3 Nc6 3. Bb5 a6 4. Ba4 Nf6 5. O-O b5 6. Bb3 Bb7 7. Re1 Bc5 8. c3
Ng4 9. d4 exd4 10. h3 Nxf2 11. Kxf2 dxc3+ 12. Kg3 cxb2 13. Bxb2 Qe7 14. Kh2 O-O
15. Nc3 Bd6+ 16. Kh1 Na5 17. Nd5 Bxd5 18. Qd4 Qf6 19. Qxf6 gxf6 20. exd5 c5 21.
dxc6 dxc6 22. Bxf6 Rfe8 23. Rxe8+ Rxe8 24. Rd1 Bg3 25. Bc2 Nc4 26. Be4 h6 27.
Rd8 Rxd8 28. Bxd8 c5 29. Bb7 a5 30. Ba6 1-0

[Event "0MCR_3DE_2L_1S"]
[Site "?"]
[Date "2003.??.??"]
[Round "?"]
[White "Nemecek, Pavel"]
[Black "Misicko, Jan"]
[Result "1-0"]
[WhiteElo "2035"]
[BlackElo "2055"]
[PlyCount "82"]
[EventDate "2003.??.??"]
[EventType "corr"]
[EventRounds "2"]
[SourceDate "2004.06.03"]

1. e4 c5 2. Nf3 e6 3. d4 cxd4 4. Nxd4 Nf6 5. Nc3 d6 6. f4 a6 7. Bd3 Be7 8. O-O
Nbd7 9. a4 b6 10. Nc6 Qc7 11. Nxe7 Kxe7 12. g4 h6 13. Be3 Bb7 14. g5 hxg5 15.
fxg5 Nh7 16. Qd2 Ne5 17. Qf2 Qc6 18. Ne2 f6 19. Qg3 Rag8 20. Nd4 Qc7 21. Ra3
Nf8 22. Rc3 Qb8 23. h4 Qa8 24. Nf3 Nxf3+ 25. Qxf3 Rxh4 26. Qg3 Rhh8 27. Rd1 Qd8
28. Rb3 Qb8 29. Bxa6 Bxe4 30. Rxb6 Qc7 31. Kf2 e5 32. Rbxd6 Ne6 33. c4 Rb8 34.
Bb5 Qxd6 35. Rxd6 Kxd6 36. b4 Rh1 37. gxf6 gxf6 38. Qg4 f5 39. Qg6 Rh2+ 40. Ke1
Rh1+ 41. Kd2 Ke7 1-0

[Event "0MCR_3DE_2L_1S"]
[Site "?"]
[Date "2003.??.??"]
[Round "?"]
[White "Nemecek, Pavel"]
[Black "Pauschek, Roman"]
[Result "0-1"]
[WhiteElo "2035"]
[BlackElo "2080"]
[PlyCount "114"]
[EventDate "2003.??.??"]
[EventType "corr"]
[EventRounds "2"]
[SourceDate "2004.06.03"]

1. d4 d5 2. Nf3 Nf6 3. c4 e6 4. Bg5 Be7 5. e3 O-O 6. Nc3 h6 7. Bh4 b6 8. Be2
Bb7 9. Bxf6 Bxf6 10. cxd5 exd5 11. O-O Re8 12. b4 c6 13. Rc1 Qd6 14. Qb3 Nd7
15. Rfd1 a5 16. b5 c5 17. dxc5 Nxc5 18. Qb1 Rad8 19. Nd4 Bxd4 20. exd4 Ne4 21.
Qd3 Rc8 22. Bg4 Rc7 23. Ne2 Rce7 24. Rc2 Qf6 25. Ng3 Nd6 26. h3 Re1+ 27. Kh2
Qf4 28. Rxe1 Rxe1 29. Qc3 Re8 30. Bd7 Re4 31. Qc7 h5 32. Qb8+ Kh7 33. Bf5+ Nxf5
34. Qxf4 Rxf4 35. Nxf5 Rxf5 36. Kg3 g5 37. f3 Rf4 38. Rc7 Ba8 39. a3 Kg6 40.
Ra7 Rxd4 41. Rxa8 h4+ 42. Kf2 Rd2+ 43. Kf1 Kf5 44. Rb8 Kf4 45. Rxb6 Ke3 46. Kg1
Ra2 47. Rb7 Rxa3 48. Re7+ Kf4 49. Rxf7+ Kg3 50. Kf1 Ra1+ 51. Ke2 a4 52. b6 a3
53. Ra7 Kxg2 54. b7 Rb1 55. Rxa3 Rxb7 56. Rd3 Re7+ 57. Kd2 Kxh3 0-1

[Event "0MCR_3DE_2L_1S"]
[Site "?"]
[Date "2003.??.??"]
[Round "?"]
[White "Nemecek, Pavel"]
[Black "Tomisek, Petr"]
[Result "1/2-1/2"]
[WhiteElo "2035"]
[BlackElo "2165"]
[PlyCount "55"]
[EventDate "2003.??.??"]
[EventType "corr"]
[EventRounds "2"]
[SourceDate "2004.06.03"]

1. e4 e5 2. Nf3 Nc6 3. Bb5 f5 4. Nc3 fxe4 5. Nxe4 d5 6. Nxe5 dxe4 7. Nxc6 Qg5
8. Qe2 Nf6 9. f4 Qxf4 10. d4 Qd6 11. Ne5+ c6 12. Bc4 Be6 13. c3 Bxc4 14. Nxc4
Qe6 15. O-O Be7 16. Bf4 O-O 17. Rae1 Rae8 18. Be5 Nd7 19. Bg3 c5 20. b3 Nf6 21.
Ne3 cxd4 22. cxd4 Bb4 23. Rd1 Nd5 24. Rxf8+ Bxf8 25. Rc1 Ba3 26. Rc2 Rd8 27. h3
h6 28. Be5 1/2-1/2

[Event "0MCR_3DE_2L_1S"]
[Site "?"]
[Date "2003.??.??"]
[Round "?"]
[White "Pauschek, Roman"]
[Black "Baciak, Miloslav"]
[Result "1-0"]
[WhiteElo "2080"]
[BlackElo "1930"]
[PlyCount "89"]
[EventDate "2003.??.??"]
[EventType "corr"]
[EventRounds "2"]
[SourceDate "2004.06.03"]

1. e4 c5 2. Nf3 Nc6 3. d4 cxd4 4. Nxd4 Nf6 5. Nc3 e5 6. Ndb5 Bb4 7. Bg5 O-O 8.
a3 Bc5 9. Qf3 Be7 10. Bxf6 Bxf6 11. Nd5 Bh4 12. Nd6 Nd4 13. Qd3 Be7 14. Nxc8
Rxc8 15. c3 Ne6 16. Be2 Nc7 17. O-O Bc5 18. Rad1 Qh4 19. b4 Nxd5 20. Qxd5 Bb6
21. Rd3 Rc6 22. a4 Qf6 23. a5 Bc7 24. Qxd7 Rd8 25. Qh3 Rxd3 26. Qxd3 h6 27. Rd1
Rd6 28. Qh3 Rxd1+ 29. Bxd1 b6 30. a6 Qc6 31. Qc8+ Kh7 32. Qb7 Qxb7 33. axb7 Kg8
34. b5 Kf8 35. h4 Ke7 36. Bb3 Bd6 37. h5 f6 38. Kh2 Kd7 39. Kh3 Kc7 40. Bd5 Bc5
41. f3 f5 42. exf5 Be7 43. Kg3 Bc5 44. f6 Bd6 45. fxg7 1-0

[Event "0MCR_3DE_2L_1S"]
[Site "?"]
[Date "2003.??.??"]
[Round "?"]
[White "Pauschek, Roman"]
[Black "Doudera, Lubomir"]
[Result "1-0"]
[WhiteElo "2080"]
[BlackElo "2235"]
[PlyCount "97"]
[EventDate "2003.??.??"]
[EventType "corr"]
[EventRounds "2"]
[SourceDate "2004.06.03"]

1. e4 d5 2. exd5 Qxd5 3. Nc3 Qa5 4. d4 Nf6 5. Nf3 Bg4 6. h3 Bh5 7. g4 Bg6 8.
Ne5 e6 9. Bg2 c6 10. h4 Nbd7 11. Nxd7 Kxd7 12. Bd2 h6 13. g5 hxg5 14. hxg5
Rxh1+ 15. Bxh1 Nh7 16. d5 cxd5 17. Nxd5 Qa4 18. Nc3 Qa6 19. Be4 Bxe4 20. Nxe4
Qc6 21. Bc3+ Ke8 22. Qg4 g6 23. O-O-O Be7 24. f3 Rd8 25. Rh1 Qd5 26. b3 Ba3+
27. Bb2 Be7 28. Qh4 Nf8 29. Nf6+ Bxf6 30. Bxf6 Qd2+ 31. Kb1 Rc8 32. Qa4+ Rc6
33. Qxa7 Qxc2+ 34. Ka1 Qc5 35. Qxb7 e5 36. Qb8+ Rc8 37. Qxe5+ Qxe5+ 38. Bxe5
Rc5 39. f4 Ne6 40. Rd1 Rc2 41. Kb1 Rf2 42. a4 Rf3 43. Kc2 Nxf4 44. a5 Rf2+ 45.
Kb1 Rf3 46. Bxf4 Rxf4 47. a6 Rf5 48. Rd4 Rxg5 49. a7 1-0

[Event "0MCR_3DE_2L_1S"]
[Site "?"]
[Date "2003.??.??"]
[Round "?"]
[White "Pauschek, Roman"]
[Black "Glembek, Bohumir"]
[Result "1-0"]
[WhiteElo "2080"]
[BlackElo "2115"]
[PlyCount "81"]
[EventDate "2003.??.??"]
[EventType "corr"]
[EventRounds "2"]
[SourceDate "2004.06.03"]

1. e4 Nf6 2. e5 Nd5 3. d4 d6 4. Nf3 g5 5. Nxg5 e6 6. Qh5 Qe7 7. a3 h6 8. c4 Bg7
9. Nf3 Nb6 10. Qg4 f5 11. exf6 Bxf6 12. Nc3 Qf7 13. Ne4 Be7 14. Qf4 Bd7 15.
Qxf7+ Kxf7 16. Be3 Bc6 17. Ned2 N8d7 18. Bd3 Bxf3 19. Nxf3 Rag8 20. g3 c5 21.
dxc5 Nxc5 22. Bxc5 dxc5 23. b3 Rf8 24. O-O-O Bf6 25. Be4 Rb8 26. Kc2 Rhf8 27.
Rhe1 Kg7 28. h4 Rf7 29. Rd6 Re8 30. Re2 Nc8 31. Rd3 Rc7 32. g4 Rd8 33. g5 Bd4
34. Nxd4 cxd4 35. gxh6+ Kxh6 36. Rf3 Kg7 37. h5 Nd6 38. Bd3 Re7 39. h6+ Kh8 40.
Rf4 e5 41. Rxd4 1-0

[Event "0MCR_3DE_2L_1S"]
[Site "?"]
[Date "2003.??.??"]
[Round "?"]
[White "Pauschek, Roman"]
[Black "Hurka, Jiri"]
[Result "1/2-1/2"]
[WhiteElo "2080"]
[BlackElo "1800"]
[PlyCount "52"]
[EventDate "2003.??.??"]
[EventType "corr"]
[EventRounds "2"]
[SourceDate "2004.06.03"]

1. e4 e5 2. Nf3 Nc6 3. Bb5 a6 4. Ba4 Nf6 5. O-O Nxe4 6. d4 b5 7. Bb3 d5 8. dxe5
Be6 9. c3 Bc5 10. Nbd2 O-O 11. Bc2 Nxf2 12. Rxf2 f6 13. exf6 Bxf2+ 14. Kxf2
Qxf6 15. Nf1 Ne5 16. Be3 c6 17. Kg1 Bg4 18. N1d2 Rae8 19. Bc5 Rf7 20. Qf1 Nxf3+
21. Nxf3 Bxf3 22. gxf3 Qxf3 23. Qxf3 Rxf3 24. Rf1 Rxf1+ 25. Kxf1 g6 26. a3 Kf7
1/2-1/2

[Event "0MCR_3DE_2L_1S"]
[Site "?"]
[Date "2003.??.??"]
[Round "?"]
[White "Pauschek, Roman"]
[Black "Misicko, Jan"]
[Result "1/2-1/2"]
[WhiteElo "2080"]
[BlackElo "2055"]
[PlyCount "44"]
[EventDate "2003.??.??"]
[EventType "corr"]
[EventRounds "2"]
[SourceDate "2004.06.03"]

1. e4 c5 2. Nf3 e6 3. d4 cxd4 4. Nxd4 Nf6 5. Nc3 d6 6. Be2 Be7 7. O-O Nc6 8.
Be3 O-O 9. f4 Qc7 10. Kh1 Re8 11. Qe1 Nxd4 12. Bxd4 e5 13. fxe5 dxe5 14. Qg3
Bd8 15. Be3 Kh8 16. Bb5 Rf8 17. Bd3 Bd7 18. Rae1 Be7 19. Bg5 Nh5 20. Qh4 Bxg5
21. Qxg5 Nf4 22. Nd5 Nxd5 1/2-1/2

[Event "0MCR_3DE_2L_1S"]
[Site "?"]
[Date "2003.??.??"]
[Round "?"]
[White "Pauschek, Roman"]
[Black "Nemecek, Pavel"]
[Result "0-1"]
[WhiteElo "2080"]
[BlackElo "2035"]
[PlyCount "100"]
[EventDate "2003.??.??"]
[EventType "corr"]
[EventRounds "2"]
[SourceDate "2004.06.03"]

1. e4 c5 2. Nf3 Nc6 3. Bb5 g6 4. O-O Bg7 5. c3 Nf6 6. Re1 O-O 7. h3 e5 8. d3 d6
9. Nbd2 Ne8 10. Bxc6 bxc6 11. Qa4 Qc7 12. a3 a5 13. b4 Ba6 14. bxc5 Bxd3 15. c4
d5 16. cxd5 cxd5 17. Re3 Ba6 18. exd5 Qxc5 19. Bb2 f6 20. Qc6 Qxc6 21. dxc6 a4
22. Rc1 Nc7 23. Ree1 Rab8 24. Ba1 Bb5 25. Ne4 Rb6 26. Nxf6+ Bxf6 27. Bxe5 Bxe5
28. Nxe5 Re8 29. f4 g5 30. g3 Ba6 31. Re4 Rb3 32. Rxa4 Bb5 33. Ra7 Rxg3+ 34.
Kf2 gxf4 35. Rc5 Rg5 36. Rxc7 Rexe5 37. Rxe5 Rxe5 38. Kf3 Rc5 39. Kxf4 Rxc6 40.
Ra7 Rc4+ 41. Kg5 Ra4 42. Rxa4 Bxa4 43. Kf6 Kf8 44. h4 Bd1 45. Kf5 Kg7 46. Kg5
Ba4 47. Kh5 h6 48. Kg4 Kg6 49. Kg3 Kh5 50. Kh3 Bc6 0-1

[Event "0MCR_3DE_2L_1S"]
[Site "?"]
[Date "2003.??.??"]
[Round "?"]
[White "Pauschek, Roman"]
[Black "Tomisek, Petr"]
[Result "1/2-1/2"]
[WhiteElo "2080"]
[BlackElo "2165"]
[PlyCount "58"]
[EventDate "2003.??.??"]
[EventType "corr"]
[EventRounds "2"]
[SourceDate "2004.06.03"]

1. e4 e5 2. Nf3 Nc6 3. Bb5 f5 4. Nc3 fxe4 5. Nxe4 d5 6. Nxe5 dxe4 7. Nxc6 Qg5
8. Qe2 Nf6 9. f4 Qxf4 10. d4 Qd6 11. Ne5+ c6 12. Bc4 Be6 13. c3 Bxc4 14. Nxc4
Qe6 15. O-O Be7 16. Bg5 O-O 17. Nd2 Rae8 18. Rae1 Qd5 19. Bh4 Bd8 20. Kh1 e3
21. Nc4 Ne4 22. Rxf8+ Rxf8 23. Nxe3 Qxa2 24. Bxd8 Rxd8 25. Qc4+ Qxc4 26. Nxc4
Nd6 27. Nxd6 Rxd6 28. Re8+ Kf7 29. Rb8 Rd7 1/2-1/2

[Event "0MCR_3DE_2L_1S"]
[Site "?"]
[Date "2003.??.??"]
[Round "?"]
[White "Tomisek, Petr"]
[Black "Baciak, Miloslav"]
[Result "1/2-1/2"]
[WhiteElo "2165"]
[BlackElo "1930"]
[PlyCount "54"]
[EventDate "2003.??.??"]
[EventType "corr"]
[EventRounds "2"]
[SourceDate "2004.06.03"]

1. e4 c5 2. d4 cxd4 3. c3 dxc3 4. Nxc3 Nc6 5. Nf3 d6 6. Bc4 Nf6 7. e5 dxe5 8.
Qxd8+ Nxd8 9. Nb5 Rb8 10. Nxe5 e6 11. Nc7+ Ke7 12. Be3 b6 13. O-O-O Rb7 14. Nb5
Bd7 15. Rhe1 Bxb5 16. Bxb5 Rc7+ 17. Kb1 h6 18. Nf3 Ne4 19. Bf4 Rc5 20. Ba6 Rd5
21. Rxd5 exd5 22. Bc4 dxc4 23. Rxe4+ Ne6 24. Nd4 g5 25. Nxe6 fxe6 26. Be5 Rh7
27. Rxc4 Rf7 1/2-1/2

[Event "0MCR_3DE_2L_1S"]
[Site "?"]
[Date "2003.??.??"]
[Round "?"]
[White "Tomisek, Petr"]
[Black "Doudera, Lubomir"]
[Result "0-1"]
[WhiteElo "2165"]
[BlackElo "2235"]
[PlyCount "50"]
[EventDate "2003.??.??"]
[EventType "corr"]
[EventRounds "2"]
[SourceDate "2004.06.03"]

1. e4 d5 2. exd5 Qxd5 3. Nc3 Qa5 4. d4 Nf6 5. Nf3 Bg4 6. h3 Bh5 7. g4 Bg6 8.
Ne5 e6 9. Bg2 c6 10. h4 Nbd7 11. Nc4 Qa6 12. Bf1 b5 13. Ne5 Bb4 14. h5 Be4 15.
Rh3 Nxe5 16. dxe5 Nd5 17. a4 O-O 18. h6 Qb6 19. axb5 cxb5 20. Qe2 Qd4 21. Bd2
Bxc2 22. hxg7 Rfc8 23. Bg2 Rc4 24. Ra6 Re8 25. Kf1 Bxc3 0-1

[Event "0MCR_3DE_2L_1S"]
[Site "?"]
[Date "2003.??.??"]
[Round "?"]
[White "Tomisek, Petr"]
[Black "Glembek, Bohumir"]
[Result "1-0"]
[WhiteElo "2165"]
[BlackElo "2115"]
[PlyCount "27"]
[EventDate "2003.??.??"]
[EventType "corr"]
[EventRounds "2"]
[SourceDate "2004.06.03"]

1. e4 e5 2. Bc4 Nf6 3. d4 exd4 4. Nf3 Nxe4 5. Qxd4 Nf6 6. Bg5 Be7 7. Nc3 Nc6 8.
Qh4 h6 9. O-O-O d6 10. Rhe1 Kf8 11. Rxe7 Nxe7 12. Bxf6 gxf6 13. Qxf6 Rh7 14.
Ne5 1-0